Cross-currents in 17th century English literature: The world, the flesh and the spirit, their action and reactions (Record no. 43948)

MARC details
000 -LEADER
fixed length control field 00449nam a2200145Ia 4500
008 - FIXED-LENGTH DATA ELEMENTS--GENERAL INFORMATION
fixed length control field 230917s9999||||xx |||||||||||||| ||und||
040 ## - CATALOGING SOURCE
-- 24220
Original cataloging agency VIVEKANANDA LIBRARY
041 ## - Language
-- English
082 ## - DDC NUMBER
Classification number 820.9 G872C
100 ## - MAIN ENTRY--PERSONAL NAME
Personal name Grierson, Herbert J C
245 #0 - TITLE STATEMENT
Title Cross-currents in 17th century English literature: The world, the flesh and the spirit, their action and reactions
260 ## - PUBLICATION, DISTRIBUTION, ETC. (IMPRINT)
Place of publication, distribution, etc New York
Name of publisher, distributor, etc Harper & Row
Date of publication, distribution, etc 1958
300 ## - PHYSICAL DESCRIPTION
Pages xvi, 345 p.
942 ## - ADDED ENTRY ELEMENTS (KOHA)
Koha item type Books
Holdings
Withdrawn status Lost status Damaged status Not for loan Location (home branch) Sublocation or collection (holding branch) Date acquired Koha issues (times borrowed) Koha full call number Accession No. Koha date last seen Koha item type
        VIVEKANANDA LIBRARY VIVEKANANDA LIBRARY 08/08/2002   820.9 G872C 1105 17/09/2023 Books
© Designed and Maintained by Vivekananda Library, MDU Rohtak